Revista do Instituto de Medicina Tropical de São Paulo Journal of the São Paulo Institute of Tropical Medicine : publication of the Instituto de Medicina Tropical.

Detalles Bibliográficos
Autor Corporativo: Universidade de São Paulo. Instituto de Medicina Tropical de São Paulo
Formato: Electrónico Revista
Lenguaje:portugués
inglés
Publicado: São Paulo, SP, Brasil : Instituto de Medicina Tropical de São Paulo
Materias:
Acceso en línea:Full text available from Research Library: 07/01/1998 to present

MARC

LEADER 00000nas a2200000 a 4500
001 ssj0009096
003 WaSeSS
005 20200512172242.0
006 m d
007 cr n
008 010605c19599999bl br p s 0 0por c
010 |a  2001252682 
022 |a 1678-9946  |y 0036-4665 
035 |a (WaSeSS)ssj0009096 
040 |a WAU  |b eng  |c WAU  |d OCLCQ  |d OCLCF  |d IXA  |d ERD  |d OCLCO  |d UA@  |d OCLCO  |d IXA  |d BUF  |d OCLCA  |d VT2  |d WaSeSS 
041 0 |a por  |a eng 
042 |a pcc 
043 |a s-bl--- 
060 0 0 |a W1  |b RE521H 
210 0 0 |a Rev. Inst. Med. Trop. São Paulo 
245 0 0 |a Revista do Instituto de Medicina Tropical de São Paulo  |h [electronic resource] =  |b Journal of the São Paulo Institute of Tropical Medicine : publication of the Instituto de Medicina Tropical. 
246 3 1 |a Journal of the São Paulo Institute of Tropical Medicine 
260 |a São Paulo, SP, Brasil :  |b Instituto de Medicina Tropical de São Paulo 
310 |a Bimonthly 
362 1 |a Print began with 1 (1959). 
506 |a License restrictions may limit access. 
546 |a In Portuguese with some articles in English. 
588 |a Description based on: Vol. 26, no. 1 (Jan./Feb. 1984); title from HTML header (Scielo Web site, viewed Mar. 19, 2014). 
588 |a Latest issue consulted: Vol. 57, no. 6 (Nov./Dec. 2015) (viewed Jan. 17, 2017). 
650 0 |a Tropical medicine  |v Periodicals. 
650 0 |a Tropical medicine  |z Brazil  |v Periodicals. 
650 2 |a Tropical Medicine  |v Periodicals. 
650 7 |a Tropical medicine.  |2 fast  |0 (OCoLC)fst01157469 
651 7 |a Brazil.  |2 fast  |0 (OCoLC)fst01206830 
655 0 |a Electronic journals. 
710 2 |a Universidade de São Paulo.  |b Instituto de Medicina Tropical de São Paulo. 
776 0 8 |i Print version:  |t Revista do Instituto de Medicina Tropical de São Paulo  |w (DLC)sn 84007510  |w (OCoLC)1765017 
856 4 0 |z Full text available from Research Library: 07/01/1998 to present  |u https://search.proquest.com/publication/34637